000 01015nam a2200277Ia 4500
003 OSt
005 20221005104817.0
006 a|||||r|||| 00| 0
007 ta
008 221004b |||||||| |||| 00| 0 san d
020 _a9789387195059 (hbk)
_cINR 495.00
024 _a43707
037 _b1401, 08/02/2019, Shivanjali Prakashan & Book Seller
_cTextual
040 _aCRL
_cCRL
_bsan
041 _2san
_asan
082 _aO15,1:g(S:5), 152Q7
100 _aराजेश कुमार, ले.
245 0 _aरस-विमर्श
246 _aRasa-vimarsha
260 _aदिल्ली
_bशिवालिक प्रकाशन भारत
_c2017
300 _a130पृ0
_ccm.
650 _a संस्कृत साहित्य
650 _aसंस्कृत कविता
942 _hO15,1:g(S:5), 152Q7
_cTEXL
_2cc
999 _c1013872
_d1013872